| 000 | 01356nam a2200337 i 4500 | ||
|---|---|---|---|
| 001 | 88874 | ||
| 003 | ES-MaACL | ||
| 005 | 20250814063221.0 | ||
| 007 | t| | ||
| 008 | 041227m19871990fr a re 00110 fre d | ||
| 020 | _a2-905-38857-9 | ||
| 080 | _a(031)"17"(0:76) | ||
| 080 | _a76.034.7 | ||
| 245 | 0 | 0 | _aRecueil de planches, sur les sciences, les arts libéraux, et les arts méchaniques, avec leur explication |
| 246 | 1 | 4 | _aL'Encyclopédie Diderot et D'Alembert |
| 260 |
_a[Paris] : _bInter-Livres, _c1987-1990 _e(Barcelona : _fSirven Gráfic) |
||
| 300 |
_a2 volúmenes : _bilustraciones ; _c32 cm |
||
| 505 | 0 | _aVol. 1. Astronomie - v. 2. Sciences | |
| 534 |
_pReprod. facs. de la ed. de: _cParis: Chez-Briasson, 1762-1777. |
||
| 630 | 0 | 4 |
_aEncyclopédie ou Dictionnaire raisonné des sciences, des arts et des métiers- _vIlustraciones _9121148 |
| 650 | 4 |
_aAstronomía- _vObras anteriores a 1800 _910389 |
|
| 650 | 4 |
_aCiencias naturales- _vObras anteriores a 1800 _9149050 |
|
| 655 | 7 |
_aFacsímiles _2tgfbne _9226495 |
|
| 700 | 1 |
_aDiderot, Denis, _d1713-1784 _eaut _944511 |
|
| 700 | 1 |
_aAlembert, Jean Le Rond d', _d1717-1783 _eaut _919739 |
|
| 740 | 2 | 2 | _aL'Encyclopédie Diderot et d'Alembert. |
| 852 | 4 |
_aES-MaACL _cDEPO2 _jE-10721-22 |
|
| 942 |
_2udc _cMONOGRAFIA _n0 |
||
| 999 |
_c88874 _d88874 |
||